000 00778nam a2200205 a 4500
001 000041738
005 20201002035728.0
008 131016s1993 sp 001 0 spa d
020 _a8400043342
040 _aDO-SdBNP
_bspa
_cBNPHU
100 1 _aFranchini, Enzo
_968580
245 1 3 _aEl munuscrito :
_bla lengua y el ser literario de la razón de amor /
_cEnzo Franchini.
260 _aMadrid :
_bCSIC,
_c1993.
300 _a415 p. :
_bil., retrs. ;
_c25 cm.
490 1 _aBiblioteca de filología hispánica
_v11
504 _aBibliografía : p. 411-415
504 _aIncluye referencias bibliográficas y notas al pie de las páginas
710 2 _aConsejo Superior de Investigaciones Científicas (España)
_915178
830 0 _aBiblioteca de filología hispánica
_v11
_967489
999 _c41227
_d41227